000 00950nam a22002897a 4500
001 BR9703761
003 BR-BrBNA
005 20230928095704.0
007 ta
008 230509b bl.||||| |||| 00| 0 por d
040 _aBR-BrBNA
_bpor
_cBiblioteca Nacional de Agricultura
041 _a(Por)
072 _aF30; U10
_b3000
090 _ 3000 BR9703761
100 1 _aBueno Filho, J.S. de S.
110 1 _aEscola Superior de Agricultura Luiz de Queiroz, Piracicaba, SP (Brasil)
_0Tese (Doutor em Agronomia)
245 1 _aModelos mistos na predicao de valores geneticos aditivos em testes de progenies florestais
260 3 _aPiracicaba, SP (Brasil):
_c1997.
300 _a118 p.
500 _aBibliography p. 104-112; 12 illus.; 27 tables; Summaries (Eng, Por)
650 _aArvore Florestal
650 _aProgenie
650 _aSelecao Genetica
650 _aModelo Matematico
909 _a202309
_bLucia
_c55
_dLucia Elande
942 _cBK
999 _c58104
_d58104